| 000 | 00397cam a2200169 i 4500 | ||
|---|---|---|---|
| 020 | _a9789391399061 | ||
| 020 | _a9391399061 | ||
| 041 | _aENG | ||
| 082 |
_a261.20954 _bMAC |
||
| 100 | 1 | _aMachado, Felix, | |
| 245 | 1 | 0 | _aWhy ecumenism matters in India / |
| 260 |
_aBangalore _bATC _c100 |
||
| 300 | _aix, 100 pages ; | ||
| 650 | 0 | _aChristianity | |
| 650 | 0 | _aEcumenical movement | |
| 942 | _cBK | ||
| 999 |
_c23620 _d23620 |
||